<?xml version="1.0" encoding="UTF-8"?>
<collection xmlns="http://www.loc.gov/MARC21/slim">
 <record>
  <leader>01228nam a22002775a 4500</leader>
  <controlfield tag="001">CEM.cems009575</controlfield>
  <controlfield tag="005">20080828111742.0</controlfield>
  <controlfield tag="008">130507s1996##################000#0#####d</controlfield>
  <controlfield tag="003">CEMS</controlfield>
  <datafield tag="020" ind1=" " ind2=" ">
   <subfield code="a">9506870101</subfield>
  </datafield>
  <datafield tag="082" ind1="0" ind2="4">
   <subfield code="a">372.853</subfield>
  </datafield>
  <datafield tag="100" ind1="1" ind2=" ">
   <subfield code="a">Maiztegui, Alberto P.</subfield>
  </datafield>
  <datafield tag="245" ind1="1" ind2="0">
   <subfield code="a">Fisica :</subfield>
   <subfield code="b">su enseñanza /</subfield>
   <subfield code="c">Alberto P. Maiztegui</subfield>
  </datafield>
  <datafield tag="260" ind1=" " ind2=" ">
   <subfield code="a">Buenos Aires :</subfield>
   <subfield code="b">Conicet,</subfield>
   <subfield code="c">1996</subfield>
  </datafield>
  <datafield tag="300" ind1=" " ind2=" ">
   <subfield code="a">290 p.</subfield>
  </datafield>
  <datafield tag="490" ind1="0" ind2=" ">
   <subfield code="a">Pro Ciencia</subfield>
  </datafield>
  <datafield tag="500" ind1=" " ind2=" ">
   <subfield code="a">Red Federal de Formación Docente Continuaprograma de Perfeccionamiento docente</subfield>
  </datafield>
  <datafield tag="505" ind1="0" ind2=" ">
   <subfield code="a">La enseñanza de la ciencia -- Nuestra propuesta -- Redescubriendo leyes -- Analizando una investigación compleja -- Volviendo a la hipótesis -- Temas optativos -- Objetivos -- El proceso de medición -- Incertezas experimentales -- Medición indirecta -- La importancia de las gráficas -- Gráficos</subfield>
  </datafield>
  <datafield tag="653" ind1=" " ind2=" ">
   <subfield code="a">Física</subfield>
  </datafield>
  <datafield tag="653" ind1=" " ind2=" ">
   <subfield code="a">Física-didáctica</subfield>
  </datafield>
  <datafield tag="653" ind1=" " ind2=" ">
   <subfield code="a">Física-ejercicios</subfield>
  </datafield>
  <datafield tag="653" ind1=" " ind2=" ">
   <subfield code="a">Física-enseñanza</subfield>
  </datafield>
  <datafield tag="859" ind1=" " ind2=" ">
   <subfield code="a">CEMS</subfield>
   <subfield code="b">BIB. CEMS - 11 de abril</subfield>
   <subfield code="h">372.853</subfield>
   <subfield code="i">M287</subfield>
   <subfield code="p">19395.97</subfield>
   <subfield code="t">Ej.1</subfield>
   <subfield code="v">I</subfield>
   <subfield code="3">I</subfield>
  </datafield>
  <datafield tag="859" ind1=" " ind2=" ">
   <subfield code="a">CEMS</subfield>
   <subfield code="b">BIB. CEMS - 11 de abril</subfield>
   <subfield code="h">372.853</subfield>
   <subfield code="i">M287</subfield>
   <subfield code="p">19396.97</subfield>
   <subfield code="t">Ej.2</subfield>
   <subfield code="v">I</subfield>
   <subfield code="3">I</subfield>
  </datafield>
  <datafield tag="859" ind1=" " ind2=" ">
   <subfield code="a">CEMS</subfield>
   <subfield code="b">BIB. CEMS - 11 de abril</subfield>
   <subfield code="h">372.853</subfield>
   <subfield code="i">M287</subfield>
   <subfield code="p">19397.97</subfield>
   <subfield code="t">Ej.3</subfield>
   <subfield code="v">I</subfield>
   <subfield code="3">I</subfield>
  </datafield>
  <datafield tag="859" ind1=" " ind2=" ">
   <subfield code="a">CEMS</subfield>
   <subfield code="b">BIB. CEMS</subfield>
  </datafield>
 </record>
</collection>
